000 00448nam a2200157Ia 4500
003 GCL
008 140319s9999 xx 000 0 ara d
040 _aGCL /
_cGCL
082 0 4 _aط
_b813.0872
_bم س
100 1 _aمجدى صبرى
245 1 0 _aالمصيدة الجهنمية /
_cمجدى صبرى
490 _aسلسلة رجل المهام الصعبة
_v0
650 0 4 _aالاطفال
650 0 4 _aقصص الاطفال
942 _2ddc
_cBK
999 _c42566
_d42566